[Event "VEN-ch Expertos y Maestros"]
[Site "San Carlos"]
[Date "2012.06.22"]
[Round "6"]
[White "Ramirez, Richard"]
[Black "Marin Ramirez, Gerardo"]
[Result "0-1"]
[WhiteElo "2063"]
[BlackElo "2219"]
[PlyCount "104"]
[EventDate "2012.06.19"]
[EventType "swiss"]
[EventRounds "9"]
[EventCountry "VEN"]
[SourceTitle "EXT 2015"]
[Source "ChessBase"]
[SourceDate "2014.11.20"]
[SourceVersion "1"]
[SourceVersionDate "2014.11.20"]
[SourceQuality "1"]

1. d4 c5 2. d5 d6 3. c4 g6 4. Nc3 Bg7 5. Nf3 Nf6 6. g3 0-0 7. Bg2 e6 8. 0-0 exd5 9. cxd5 Re8 10. h3 a6 11. a4 Nbd7 12. Bf4 Bf8 13. Re1 Rb8 14. Rb1 Ne4 15. Qc2 Ndf6 16. Nd2 Nxc3 17. bxc3 Nh5 18. Nf3 Nxf4 19. gxf4 Bh6 20. e3 Bf5 21. e4 Bd7 22. Qd2 Bxa4 23. Ng5 Bd7 24. h4 b5 25. e5 Bf5 26. Be4 Bc8 27. Bc2 Bd7 28. Re2 dxe5 29. fxe5 f6 30. f4 fxg5 31. hxg5 Bf8 32. e6 Bc8 33. Rh2 Rb7 34. Qg2 Bd6 35. Bxg6 Ree7 36. Qe4 hxg6 37. Kg2 Rh7 38. Rbh1 Qe8 39. Rh6 Rbg7 40. Kg3 Qe7 41. Kg4 Bb7 42. Rxh7 Rxh7 43. Qxg6+ Qg7 44. Qe8+ Bf8 45. Rxh7 Qxh7 46. g6 Qe7 47. Qf7+ Qxf7 48. gxf7+ Kg7 49. Kf5 Bc8 50. Ke5 Bxe6 51. Kxe6 b4 52. cxb4 cxb4 0-1

[Event "Caracas op 1st"]
[Site "Caracas"]
[Date "2012.04.21"]
[Round "4"]
[White "Conti, Alejandro"]
[Black "Ramirez, Richard"]
[Result "0-1"]
[WhiteElo "2000"]
[BlackElo "1750"]
[PlyCount "52"]
[EventDate "2012.04.19"]
[EventType "swiss"]
[EventRounds "7"]
[EventCountry "VEN"]
[SourceTitle "EXT 2013"]
[Source "ChessBase"]
[SourceDate "2012.11.22"]
[SourceVersion "1"]
[SourceVersionDate "2012.11.22"]
[SourceQuality "1"]

1. d4 Nf6 2. Nf3 g6 3. g3 Bg7 4. Bg2 0-0 5. 0-0 d6 6. c4 Nbd7 7. Nc3 e5 8. e3 c6 9. b3 e4 10. Nd2 d5 11. cxd5 cxd5 12. a4 a6 13. b4 Re8 14. a5 Nf8 15. Na4 h5 16. h3 N8h7 17. Nb6 Rb8 18. Nb3 Bf5 19. Bd2 Ng5 20. Kh2 Bf8 21. h4 Bg4 22. f3 Nxf3+ 23. Rxf3 Bd6 24. Rc1 exf3 25. Bxf3 Ne4 26. Be1 Qxh4+ 0-1

[Event "Caracas op 1st"]
[Site "Caracas"]
[Date "2012.04.19"]
[Round "2"]
[White "Marin Ramirez, Gerardo"]
[Black "Ramirez, Richard"]
[Result "1/2-1/2"]
[WhiteElo "2202"]
[BlackElo "1750"]
[PlyCount "106"]
[EventDate "2012.04.19"]
[EventType "swiss"]
[EventRounds "7"]
[EventCountry "VEN"]
[SourceTitle "EXT 2013"]
[Source "ChessBase"]
[SourceDate "2012.11.22"]
[SourceVersion "1"]
[SourceVersionDate "2012.11.22"]
[SourceQuality "1"]

1. d4 Nf6 2. c4 g6 3. Nf3 Bg7 4. g3 0-0 5. Bg2 d6 6. 0-0 Nbd7 7. Qc2 e5 8. Rd1 exd4 9. Nxd4 Nc5 10. Nc3 a5 11. b3 Re8 12. Ba3 Nfd7 13. Rac1 Na6 14. Rd2 Ndc5 15. Rcd1 Bh6 16. e3 Bg4 17. Re1 Qd7 18. Ne4 Nxe4 19. Bxe4 c6 20. Bh1 Rad8 21. Nf3 Qc7 22. Bb2 Bg7 23. Bxg7 Kxg7 24. Red1 f6 25. Rd4 Be6 26. Qd2 d5 27. cxd5 Rxd5 28. e4 Rxd4 29. Nxd4 Bc8 30. Bg2 Qb6 31. Kh1 Nc5 32. f3 Ne6 33. Qe3 Nxd4 34. Rxd4 Re7 35. h4 Qc7 36. f4 Rd7 37. Kh2 Rxd4 38. Qxd4 b6 39. Bf3 Qd7 40. Qxd7+ Bxd7 41. Kg2 Be6 42. Kf2 a4 43. Bd1 Kf7 44. Ke3 Ke7 45. Kd4 c5+ 46. Kc3 Kd6 47. Be2 axb3 48. axb3 Bh3 49. Bc4 Bg2 50. Kd3 Kc6 51. Bg8 h6 52. Bf7 g5 53. Bg6 Kd6 1/2-1/2